000
00348nam a2200133Ia 4500
008
151001s9999||||xx |||||||||||||| ||und||
100
_a
बालशौरी रेड्डी
245
_a
हर हर गंगे
250
_a
1
260
_b
साहित्य भवन
260
_c
2007
300
_a
64
365
_b
28
999
_c
990889
_d
990886